Experimental and theoretical investigation of lyophilization

Saved in:
Bibliographic Details
Main Author: Klčová, Kristína (Author)
Other Authors: Rajniak, Pavol (Thesis advisor)
Format: Manuscript Book
Language:Slovak
English
Published: 2023
Subjects:
Online Access:http://is.stuba.sk/zp/portal_zp.pl?podrobnosti=169506
Tags: Add Tag
No Tags, Be the first to tag this record!

MARC

LEADER 00000ntm a22000003a 4500
001 stuzp93421
003 SK-STU
005 20230909215009.7
007 ta
008 150427s2015----xo-----f-mn---000-0-slo-d
040 |a STU  |b slo 
041 0 |a eng 
100 1 |a Klčová, Kristína  |u 046230  |4 aut  |U FCHPT Ústav chemického a environmentálneho inžinierstva  |T FCHPT Oddelenie chemického a biochemického inžinierstva  |X 98971  |U C6230  |Y 119  |7 98971 
242 0 1 |a Experimentálny a teoretický výskum lyofilizácie  |y slo 
245 1 0 |a Experimental and theoretical investigation of lyophilization 
260 |c 2023 
650 4 |a matematické modelovanie  |2 slo 
650 4 |a koeficient prestupu tepla/látky  |2 slo 
650 4 |a lyofilizácia  |2 slo 
650 4 |a hustota balenia  |2 slo 
650 4 |a lyophilization  |2 eng 
650 4 |a packing density  |2 eng 
650 4 |a mathematical modelling  |2 eng 
650 4 |a coefficient of heat/mass transfer  |2 eng 
700 1 |a Rajniak, Pavol  |4 ths  |X 99157  |7 99157 
856 4 |u http://is.stuba.sk/zp/portal_zp.pl?podrobnosti=169506